| 000 | 00519cam a22002171 4500 | ||
|---|---|---|---|
| 001 | sa 68007535 | ||
| 003 | DLC | ||
| 005 | 20260227112523.0 | ||
| 008 | 890421s1963 ii 000 0 hino | ||
| 010 | _asa 68007535 | ||
| 035 | _a(OCoLC)19584258 | ||
| 040 |
_aDLC _cWaU _dDLC |
||
| 042 | _apremarc | ||
| 050 | 0 | 0 |
_aPK2098.G84 _bG57 1963 |
| 100 | 1 |
_aGupta, Siyārāmaśaraṇa, _d1895-1963. |
|
| 245 | 1 | 0 | _aGopikā. |
| 260 | _c[1963 or 4] | ||
| 300 |
_a231 p. _c19 cm. |
||
| 500 | _aIn Hindi. | ||
| 500 | _aPoems. | ||
| 999 |
_c81876 _d81876 |
||